000 00924nam a2200217 i 4500
001 124968
003 ES-MaACL
005 20230906192529.0
007 t|
008 070425s1931 sp ||||1| spa d
110 2 _aInstituto Nacional de Previsión (España)
_95180
245 1 3 _aEl coto social de previsión del Sindicato Agrícola de San Roque de la villa de Pedrola :
_borganización del coto social, estatutos, acta de constitución.
260 _aMadrid :
_b[s.n.],
_c1931 (
_fImp. y Enc. de los Sobrinos de la Sucesora de M. Minuesa de los Ríos)
300 _a21 p. ;
_c22 cm.
490 1 _aPublicaciones del Instituto Nacional de Previsión ;
_v260
650 4 _aTrabajadores agrícolas-
_xSindicatos-
_zEspaña.
_9164511
650 4 _aMutualidades-
_zEspaña.
_9162717
830 1 _aPublicaciones del Instituto Nacional de Previsión ;
_v260
_9181151
852 _aES-MaACL
_jC-12638(10)
999 _c124968
_d124968